Statistics for Who Did That Feel-Good Song

Click here to take the quiz!

General Stats

  • This quiz has been taken 17,432 times
  • The average score is 10 of 20

Answer Stats

SongYearMusical Act% Correct
Happy2013Pharrell Williams
88%
Born This Way2011Lady Gaga
85%
Hey Ya!2003Outkast
75%
Get Lucky2013Daft Punk
73%
Stronger (What Doesn't
Kill You)
2012Kelly Clarkson
68%
Fat Bottomed Girls1978Queen
59%
Beautiful Day2000U2
58%
Feel Good Inc.2005Gorillaz
56%
Eye of the Tiger1982Survivor
53%
I Will Survive1978Gloria Gaynor
49%
Stronger2007Kanye West
48%
I'm Gonna Be (500 Miles)1988The Proclaimers
45%
I Want You Back1969Jackson 5
38%
I Got You (I Feel Good)1965James Brown
35%
Tutti Frutti1955Little Richard
31%
The Middle2001Jimmy Eat World
30%
Float On2004Modest Mouse
26%
Feel This Moment2013Pitbull
26%
The Safety Dance1983Men Without Hats
24%
This is How We Do It1995Montell Jordan
17%

Score Distribution

Percentile by Number Answered

Percent of People with Each Score

Your Score History

You have not taken this quiz